Footballeurs en photos (Aléatoire) - Statistiques

Statistiques générales
  • Ce quiz a été pris 1 037 fois
  • Le résultat moyen est 12 sur 20
Statistiques - réponses
Par images Réponse % Correct
Adrien Rabiot
100%
Alessandro Nesta
100%
Andrea Pirlo
100%
Antoine Griezmann
100%
Arjen Robben
100%
Benjamin Pavard
100%
Bernardo Silva
100%
Bruno Fernandes
100%
Bukayo Saka
100%
Cole Palmer
100%
Cristiano Ronaldo
100%
David Luiz
100%
Erling Haaland
100%
Harry Kane
100%
Jamie Vardy
100%
Julián Alvarez
100%
Karim Benzema
100%
Kevin De Bruyne
100%
Keylor Navas
100%
Luis Suárez
100%
Luka Modrić
100%
Marcel Desailly
100%
Marcelo
100%
Neymar
100%
Patrice Évra
100%
Pedri
100%
Pelé
100%
Pierre-Emerick Aubameyang
100%
Riyad Mahrez
100%
Ronaldinho
100%
Ronaldo
100%
Sergio Ramos
100%
Son Heung-min
100%
Thiago Silva
100%
Thierry Henry
100%
Thomas Müller
100%
Vinicius Júnior
100%
Virgil van Dijk
100%
William Saliba
100%
Xavi
100%
Zinédine Zidane
100%
Zlatan Ibrahimović
100%
Paul Pogba
95%
Romelu Lukaku
95%
Samuel Umtiti
95%
Andrés Iniesta
94%
Aurélien Tchouaméni
94%
Eusébio
94%
Hugo Lloris
94%
Kylian Mbappé
94%
Manuel Neuer
94%
Olivier Giroud
94%
Paulo Dybala
94%
Declan Rice
93%
Emiliano Martínez
93%
Jules Koundé
93%
Marco Reus
93%
Viktor Gyökeres
93%
Achraf Hakimi
92%
Ángel Di María
92%
Cafu
92%
Dani Alves
92%
Diego Maradona
92%
Dimitri Payet
92%
Eden Hazard
92%
Federico Valverde
92%
Jude Bellingham
92%
Lucas Hernandez
92%
Lucas Moura
92%
Marc-André ter Stegen
92%
Marcus Rashford
92%
Rodrygo
92%
Victor Osimhen
92%
Yann Sommer
92%
Alisson
91%
Carles Puyol
91%
Fernando Torres
91%
Gareth Bale
91%
Gianluigi Donnarumma
91%
Javier Mascherano
91%
Marquinhos
91%
Sami Khedira
91%
David Silva
90%
Michael Essien
90%
Gianluigi Buffon
89%
Jamal Musiala
89%
Paolo Maldini
89%
Blaise Matuidi
88%
Edin Džeko
88%
Fabián Ruiz
88%
Hulk
88%
Iago Aspas
88%
Jan Oblak
88%
Javier Pastore
88%
Marco Asensio
88%
Marco Verratti
88%
Mohamed Salah
88%
Robert Lewandowski
88%
Roberto Baggio
88%
Roberto Carlos
88%
Sadio Mané
88%
Gennaro Gattuso
87%
Nani
87%
Arda Güler
86%
Clarence Seedorf
86%
Franck Ribéry
86%
Julian Draxler
86%
N'Golo Kanté
86%
Oliver Kahn
86%
Petr Čech
86%
Sergio Agüero
86%
Steve Mandanda
86%
Víctor Valdés
86%
Yaya Touré
86%
Jérémy Doku
85%
Lionel Messi
85%
Mats Hummels
85%
Raphaël Varane
85%
Rivaldo
85%
Rui Costa
85%
Toni Kroos
85%
Mauro Icardi
84%
Casemiro
83%
Claude Makélélé
83%
David Alaba
83%
David de Gea
83%
Djibril Cissé
83%
Éric Cantona
83%
Giorgio Chiellini
83%
Johan Cruyff
83%
Leroy Sané
83%
Marek Hamšík
83%
Radamel Falcao
83%
Samir Nasri
83%
Samuel Eto'o
83%
Thibaut Courtois
83%
Axel Witsel
82%
Dani Carvajal
82%
Frenkie de Jong
82%
Hakim Ziyech
82%
Mesut Özil
82%
Pepe
82%
Joshua Kimmich
81%
Lautaro Martínez
81%
Luís Figo
81%
Phil Foden
81%
Ryan Giggs
81%
Xabi Alonso
81%
Didier Deschamps
80%
Diego Forlán
80%
Gerard Piqué
80%
Granit Xhaka
80%
Kaká
80%
Mario Mandžukić
80%
Marouane Fellaini
80%
Rayan Cherki
80%
Rio Ferdinand
80%
Robbie Keane
80%
Santi Cazorla
80%
Alexander Isak
79%
Guillermo Ochoa
79%
Kenan Yıldız
79%
Leon Goretzka
79%
Martin Ødegaard
79%
Rodri
79%
Unai Simón
79%
Álvaro Morata
78%
Christian Pulisic
78%
David Trezeguet
78%
Désiré Doué
78%
George Weah
78%
Iker Casillas
78%
İlkay Gündoğan
78%
Park Ji-sung
78%
Alexandre Lacazette
77%
Fabien Barthez
77%
Raphinha
77%
Sergio Busquets
77%
Vincent Kompany
77%
Emmanuel Petit
76%
João Neves
76%
Alphonso Davies
75%
Ciro Immobile
75%
David Villa
75%
Fabio Cannavaro
75%
Franco Baresi
75%
Gabriel
75%
Jean-Pierre Papin
75%
Koke
75%
Lamine Yamal
75%
Memphis Depay
75%
Nico Williams
75%
Ousmane Dembélé
75%
Ricardo Quaresma
75%
Ruud Gullit
75%
Steven Gerrard
75%
Thiago Alcântara
75%
Timo Werner
75%
Wayne Rooney
75%
Alfredo Di Stéfano
73%
Antony
73%
Bixente Lizarazu
73%
Diogo Jota
73%
Ederson
73%
Edinson Cavani
73%
Francesco Totti
73%
Frank Lampard
73%
Franz Beckenbauer
73%
Gonzalo Higuaín
73%
James Rodríguez
73%
Marcel Sabitzer
73%
Raúl
73%
Ronald Koeman
73%
Robin van Persie
72%
Corentin Tolisso
71%
David Ginola
71%
Didier Drogba
71%
Dries Mertens
71%
Georges Best
71%
Kyle Walker
71%
Mario Balotelli
71%
Mario Götze
71%
Nicolas Anelka
71%
Philippe Coutinho
71%
Alexis Sánchez
70%
David Beckham
70%
Florian Wirtz
70%
Gavi
70%
Rúben Neves
70%
Adriano
69%
Alan Shearer
69%
Cesc Fàbregas
69%
Ezequiel Lavezzi
69%
Jérôme Boateng
69%
Marco van Basten
69%
Rúben Dias
69%
Arturo Vidal
67%
Bobby Charlton
67%
Darwin Núñez
67%
Dominik Szoboszlai
67%
Edgar Davids
67%
Federico Chiesa
67%
Fernando Muslera
67%
Frank Lebœuf
67%
Frank Rijkaard
67%
Garrincha
67%
Gerd Müller
67%
Ivan Rakitić
67%
Lothar Matthäus
67%
Marcelo Brozović
67%
Miroslav Klose
67%
Nabil Fékir
67%
Patrick Vieira
67%
Pavel Nedvěd
67%
Peter Schmeichel
67%
Raheem Sterling
67%
Rudi Völler
67%
Willian
67%
Alessandro Bastoni
64%
Emre Can
64%
Hatem Ben Arfa
64%
Laurent Blanc
64%
Wesley Sneijder
64%
Zico
64%
Andriy Shevchenko
63%
Dennis Bergkamp
63%
Fernandinho
63%
Islam Slimani
63%
Mateo Kovačić
63%
Maxwell
63%
Patrick Kluivert
63%
Romário
63%
Hernán Crespo
62%
Javier Zanetti
62%
Juan Sebastián Verón
62%
Moisés Caicedo
62%
Thiago Motta
62%
Edwin van der Sar
61%
Philipp Lahm
61%
Sócrates
61%
Yassine Bounou
61%
Alessandro Del Piero
60%
André Ayew
60%
Carlos Tévez
60%
Clint Dempsey
60%
Gabriel Batistuta
60%
Juan Cuadrado
60%
Juninho
60%
Xherdan Shaqiri
60%
Matthijs de Ligt
58%
Samir Handanovič
58%
Sol Campbell
58%
Antonio Valencia
57%
Diego Godín
57%
Fernando Hierro
57%
Harry Maguire
57%
Lorenzo Insigne
57%
Nico Schlotterbeck
57%
Douglas Costa
56%
Leonardo Bonucci
56%
Nicolò Barella
56%
Davor Šuker
55%
Lukas Podolski
55%
Pedro
55%
Roy Keane
55%
Dusan Vlahovic
54%
Isco
54%
Pauleta
54%
Scott McTominay
53%
Javier Hernández
52%
Daniele De Rossi
50%
Dida
50%
Ferenc Puskás
50%
Florent Malouda
50%
Hidetoshi Nakata
50%
João Moutinho
50%
Juan Mata
50%
Keisuke Honda
50%
Luis Muriel
50%
Luiz Gustavo
50%
Marius Trésor
50%
Michel Platini
50%
Oscar
50%
Ramires
50%
Robert Pirès
50%
Robinho
50%
Sandro Tonali
50%
John Terry
47%
Paul Scholes
47%
Tim Howard
47%
William Gallas
47%
Youri Djorkaeff
47%
Benjamin Šeško
46%
Khvicha Kvaratskhelia
46%
Nemanja Vidić
46%
Bernard Lama
45%
Guti
45%
Michael Ballack
45%
Yoann Gourcuff
45%
Abedi Pelé
44%
Antonio Di Natale
44%
Filippo Inzaghi
44%
Deco
43%
Dimitar Berbatov
43%
Dominique Rocheteau
43%
Henrikh Mkhitaryan
43%
Lev Yachine
43%
Michael Owen
43%
Jack Wilshere
42%
Júlio César
42%
Luis Fernandez
42%
Michael Laudrup
42%
Bastian Schweinsteiger
40%
Henrik Larsson
40%
Jairzinho
40%
Joe Hart
40%
Radja Nainggolan
40%
Raí
40%
Tomáš Rosický
40%
Carlos Alberto
38%
Christophe Dugarry
38%
Diego Milito
38%
Ian Rush
38%
Jan Vertonghen
38%
Jay-Jay Okocha
38%
Stanislav Lobotka
38%
Gheorghe Hagi
36%
Grégory Coupet
36%
Arda Turan
33%
Fabian Schär
33%
Giovani dos Santos
33%
Klaas-Jan Huntelaar
33%
Maicon
33%
Mario Gómez
33%
Reece James
33%
Sylvain Wiltord
33%
Theo Walcott
33%
Vincent Enyeama
33%
Gabriel Heinze
31%
Kamil Glik
31%
René Higuita
31%
Claudio Marchisio
30%
Gianfranco Zola
30%
Gary Lineker
29%
Goran Pandev
29%
Kenny Dalglish
29%
Kim Källström
29%
Lúcio
29%
Marouane Chamakh
29%
Matthias Sammer
29%
Raymond Kopa
29%
Wojciech Szczęsny
29%
Andrea Barzagli
27%
Asamoah Gyan
27%
Emilio Butragueño
27%
Shinji Kagawa
27%
Cris
26%
Sonny Anderson
26%
Denis Law
25%
Jari Litmanen
25%
Landon Donovan
25%
Ruud van Nistelrooy
25%
Kevin Keegan
23%
Paul Gascoigne
23%
Manuel Amoros
22%
José Luis Chilavert
21%
Tim Cahill
21%
Bobby Moore
20%
Dino Zoff
20%
Gianluca Zambrotta
20%
Gordon Banks
20%
Hugo Sánchez
20%
Just Fontaine
20%
Paulo Futre
20%
Rabah Madjer
20%
Ricardo Carvalho
20%
Sandro Mazzola
19%
Carlos Valderrama
18%
Christian Vieri
18%
Michel Preud'homme
18%
Frank de Boer
17%
Johan Micoud
17%
Mickaël Landreau
17%
Paco Gento
17%
Stephan Lichtsteiner
17%
Ian Wright
16%
Jürgen Klinsmann
16%
Bernard Lacombe
15%
Dejan Stanković
15%
Juan Román Riquelme
15%
Zé Roberto
15%
Basile Boli
14%
Fernando Morientes
14%
Martin Škrtel
14%
Esteban Cambiasso
13%
Jean-Marie Pfaff
13%
Johan Neeskens
13%
Kóstas Manolás
13%
Lisandro López
13%
Roger Milla
13%
Stanley Matthews
13%
Steve McManaman
13%
Giuseppe Meazza
12%
Cláudio Taffarel
11%
Karl-Heinz Rummenigge
11%
Pablo Aimar
11%
Rivelino
11%
Rafael van der Vaart
10%
Daniel Passarella
9%
Edmílson
9%
Joan Capdevila
9%
Joe Cole
9%
Roger Piantoni
9%
Alain Giresse
8%
Alexander Frei
8%
Andreï Archavine
8%
Cha Bum-geun
8%
Hristo Stoitchkov
8%
Maxime Bossis
8%
Tomas Brolin
8%
Gilberto Silva
6%
Iván Zamorano
5%
Safet Sušić
5%
Alex
0%
Allan Simonsen
0%
Andoni Zubizarreta
0%
Billy Wright
0%
Claudio Pizarro
0%
Daniel Van Buyten
0%
Delio Onnis
0%
Didi
0%
Enzo Francescoli
0%
Giacinto Facchetti
0%
Gianluca Vialli
0%
Gianni Rivera
0%
Giorgos Karagounis
0%
Gunnar Andersson
0%
Harry Kewell
0%
Igor Belanov
0%
Jean Tigana
0%
Jerzy Dudek
0%
Joël Bats
0%
Johnny Rep
0%
Jürgen Kohler
0%
László Kubala
0%
Luigi Riva
0%
Marc Wilmots
0%
Mario Kempes
0%
Nigel de Jong
0%
Nuno Gomes
0%
Oliver Bierhoff
0%
Paolo Rossi
0%
Paul Breitner
0%
Predrag Mijatović
0%
Roy Makaay
0%
Ruud Krol
0%
Sándor Kocsis
0%
Sepp Maier
0%
Uwe Seeler
0%
Wilfried Van Moer
0%
Aucun quiz correspondant
Distribution des résultats
% des personnes avec chaque résultat
Percentile par nombre de réponses
Votre historique - résultats
Vous n’avez pas pris ce quiz